| 000 -LEADER |
| fixed length control field |
01522cam a22003978i 4500 |
| 001 - CONTROL NUMBER |
| control field |
21908149 |
| 003 - CONTROL NUMBER IDENTIFIER |
| control field |
NUST |
| 005 - DATE AND TIME OF LATEST TRANSACTION |
| control field |
20220802163438.0 |
| 008 - FIXED-LENGTH DATA ELEMENTS--GENERAL INFORMATION |
| fixed length control field |
210218s2021 nyu j 000 0ceng |
| 010 ## - LIBRARY OF CONGRESS CONTROL NUMBER |
| LC control number |
2021007111 |
| 020 ## - INTERNATIONAL STANDARD BOOK NUMBER |
| International Standard Book Number |
9780593377666 |
| Qualifying information |
(board) |
| 020 ## - INTERNATIONAL STANDARD BOOK NUMBER |
| Canceled/invalid ISBN |
9780593380550 |
| Qualifying information |
(ebook) |
| 038 ## - RECORD CONTENT LICENSOR |
| Staff Name |
Azhar |
| 040 ## - CATALOGING SOURCE |
| Original cataloging agency |
DLC |
| Language of cataloging |
eng |
| Description conventions |
rda |
| Transcribing agency |
DLC |
| 042 ## - AUTHENTICATION CODE |
| Authentication code |
pcc |
| 050 00 - LIBRARY OF CONGRESS CALL NUMBER |
| Classification number |
N8354 |
| Item number |
.I392 2021 |
| 082 00 - DEWEY DECIMAL CLASSIFICATION NUMBER |
| Classification number |
709.252 |
| Edition number |
23 |
| Author Mark |
IGN |
| 100 1# - MAIN ENTRY--PERSONAL NAME |
| Personal name |
Ignotofsky, Rachel, |
| Dates associated with a name |
1989- |
| Relator term |
author. |
| 9 (RLIN) |
94742 |
| 240 10 - UNIFORM TITLE |
| Uniform title |
Women in art (Crown Books for Young Readers) |
| 245 10 - TITLE STATEMENT |
| Title |
Women in art |
| Statement of responsibility, etc. |
Rachel Ignotofsky. |
| 260 ## - PUBLICATION, DISTRIBUTION, ETC. |
| Place of publication, distribution, etc. |
New York |
| Name of publisher, distributor, etc. |
Ten Speed press |
| Date of publication, distribution, etc. |
2019 |
| 263 ## - PROJECTED PUBLICATION DATE |
| Projected publication date |
2110 |
| 264 #1 - PRODUCTION, PUBLICATION, DISTRIBUTION, MANUFACTURE, AND COPYRIGHT NOTICE |
| Place of production, publication, distribution, manufacture |
New York : |
| Name of producer, publisher, distributor, manufacturer |
Crown Books for Young Readers, |
| Date of production, publication, distribution, manufacture, or copyright notice |
[2021] |
| 300 ## - PHYSICAL DESCRIPTION |
| Extent |
pages cm |
| 336 ## - CONTENT TYPE |
| Content type term |
text |
| Content type code |
txt |
| Source |
rdacontent |
| 337 ## - MEDIA TYPE |
| Media type term |
unmediated |
| Media type code |
n |
| Source |
rdamedia |
| 338 ## - CARRIER TYPE |
| Carrier type term |
volume |
| Carrier type code |
nc |
| Source |
rdacarrier |
| 520 ## - SUMMARY, ETC. |
| Summary, etc. |
"New York Times bestseller Rachel Ignotofsky's Women in Art comes to the youngest readers in board format!"-- |
| Assigning source |
Provided by publisher. |
| 521 ## - TARGET AUDIENCE NOTE |
| Target audience note |
Ages 0-3 |
| Source |
Crown Books for Young Readers |
| 521 ## - TARGET AUDIENCE NOTE |
| Target audience note |
Grades K-1 |
| Source |
Crown Books for Young Readers |
| 650 #0 - SUBJECT ADDED ENTRY--TOPICAL TERM |
| Topical term or geographic name entry element |
Women artists |
| Form subdivision |
Biography |
| -- |
Juvenile literature. |
| 9 (RLIN) |
96332 |
| 776 08 - ADDITIONAL PHYSICAL FORM ENTRY |
| Relationship information |
Online version: |
| Main entry heading |
Ignotofsky, Rachel, 1989- |
| Title |
Women in art |
| Place, publisher, and date of publication |
New York : Crown Books for Young Readers, [2021] |
| International Standard Book Number |
9780593380550 |
| Record control number |
(DLC) 2021007112 |
| 906 ## - LOCAL DATA ELEMENT F, LDF (RLIN) |
| a |
7 |
| b |
cbc |
| c |
orignew |
| d |
1 |
| e |
ecip |
| f |
20 |
| g |
y-gencatlg |
| 942 ## - ADDED ENTRY ELEMENTS (KOHA) |
| Source of classification or shelving scheme |
|
| Koha item type |
Lincoln Corner |